000
00270nam a22001217a 4500
082
_a
425
_b
OXF/O
100
_a
OXFORD
245
_a
THE OXFORD GUIDE TO THE ENGLISH LANGUAGE
260
_a
LONDON
_b
GUILD PUBLISHING
300
_a
577
650
_a
GUIDE
_z
LONDON
942
_c
BK
999
_c
3865
_d
3865